A History of the Mishnaic Law of Purities : Vol. 20 Uqsin /

محفوظ في:

المؤلف الرئيسي: Neusner, J. (مؤلف)

التنسيق: كتاب الكتروني

اللغة: English

منشور في: Leiden ; Boston : Brill, 1977.

سلاسل: European History and Culture - Book Archive pre-2000.
Studies in Judaism in Late Antiquity ; 6/20/2024.

الموضوعات:

الوصول للمادة أونلاين: Login to view Source

الوسوم: إضافة وسم

لا توجد وسوم, كن أول من يضع وسما على هذه التسجيلة!

رقم الطلب: BM702

LEADER 02338nam a22004698i 4500
001 BRILL9789004668218
003 nllekb
005 20250308131533.0
006 m d
007 cr un uuuua
008 241224s1977 gw sb 001 0 eng d
020 |a 9789004668218  |q (electronic book) 
020 |z 9789004050631  |q (print) 
024 7 |a 10.1163/9789004668218  |2 DOI 
040 |a NL-LeKB  |c NL-LeKB  |e rda 
041 |a eng 
050 4 |a BM702 
072 7 |a HRJ  |2 bicssc 
072 7 |a REL  |x 040000  |2 bisacsh 
082 0 4 |a 296.123  |2 23 
100 1 |a Neusner, J.,  |e author. 
245 1 2 |a A History of the Mishnaic Law of Purities :  |b Vol. 20 Uqsin /  |c J. Neusner. 
246 3 |a Vol. 20 Uqsin 
264 1 |a Leiden ;  |a Boston :  |b Brill,  |c 1977. 
264 4 |c ©1977 
300 |a 1 online resource (253 pages) :  |b illustrations. 
336 |a text  |b txt  |2 rdacontent 
337 |a computer  |b c  |2 rdamedia 
338 |a online resource  |2 rdacarrier 
490 1 |a European History and Culture - Book Archive pre-2000 
490 1 |a Studies in Judaism in Late Antiquity ;  |v 6/20/2024 
504 |a Includes bibliographical references and index. 
505 0 |t Front Matter -- Preliminary Material /  |r Jacob Neusner -- Preface /  |r Jacob Neusner -- Abbreviations and Bibliography /  |r Jacob Neusner -- Transliterations /  |r Jacob Neusner -- Introduction /  |r Jacob Neusner -- Chapter One Uqsin Chapter One /  |r Jacob Neusner -- Chapter Two Uqsin Chapter Two /  |r Jacob Neusner -- Chapter Three Uqsin Chapter Three /  |r Jacob Neusner -- Chapter Four Mishnah-Tosefta Uqsin Translation /  |r Jacob Neusner -- Chapter Five Literary Problems /  |r Jacob Neusner -- Chapter Six Historical Problems /  |r Jacob Neusner -- Back Matter -- Appendix Purity in the First Five Orders of Mishnah /  |r Jacob Neusner -- Cumulative Index to Parts I-XX /  |r Mr. Arthur Woodman. 
546 |a English 
588 |a Description based on print version record. 
650 0 |a Purity, Ritual  |x Judaism. 
776 0 8 |i Print version:  |t A History of the Mishnaic Law of Purities : Vol. 20 Uqsin.  |d Leiden ; Boston : Brill, 1977.  |z 9789004050631 
830 0 |a European History and Culture - Book Archive pre-2000. 
830 0 |a Studies in Judaism in Late Antiquity ;  |v 6/20/2024. 
856 4 |z DOI:   |u http://dx.doi.org/10.1163/9789004668218 
942 |2 lcc  |c EBOOK 
999 |c 60001  |d 60001